00367nam a2200121Ia 4500008004100000024003000041082001700071100003200088245004100120260002500161600002100186650003800207250506s9999 xx 000 0 und d a12B-81-BS & 12B-46-BS a005.1072 AKS aAkshay Kumar & Viren Goheel 0aOnline Electronic Retail (code book) aKarachi:bUIT,c2012 aComputer Science aBachelor of Computer Science (BS)